[Event "IECC TH-M email"]
[Site "IECC email"]
[Date "2002.10.21"]
[Round "?"]
[White "Navea, Ricardo Parkes"]
[Black "Newton, Hobart E"]
[Result "1-0"]
[WhiteElo "2088"]
[BlackElo "2066"]
[PlyCount "29"]
[EventDate "2002.??.??"]
[EventType "match (corr)"]
[EventRounds "2"]
[SourceTitle "Corr 2008"]
[Source "ChessBase"]
[SourceDate "2008.06.24"]
[SourceVersion "1"]
[SourceVersionDate "2008.06.24"]
[SourceQuality "1"]

1. e4 e6 2. d4 d5 3. Nc3 Bb4 4. e5 c5 5. a3 Bxc3+ 6. bxc3 Ne7 7. Qg4 0-0 8. Nf3 Nf5 9. Bd3 Nc6 10. 0-0 Qa5 11. Bd2 c4 12. Bxf5 exf5 13. Qh5 Qa4 14. Ra2 Qxc2 15. Rxc2 1-0